000 00357 a2200157 4500
001 152732
040 _cEscola São Tomás de Aquino
100 _aTELL, Guilherme
240 1 0 _aLenda popular suiça
_lpor
245 1 0 _aLenda popular suiça
300 _a31
362 0 _a2012
440 1 _aMelhoramentos
697 _a*LITERATURA JUVENIL
942 _cBK
999 _c152732
_d152732